<?xml version="1.0" encoding="UTF-8"?>
<collection xmlns="http://www.loc.gov/MARC21/slim">
 <record>
  <leader>00989cam a2200181 7i4500</leader>
  <controlfield tag="001">0000136217</controlfield>
  <controlfield tag="005">20100218090000.0</controlfield>
  <controlfield tag="002">  0000001283</controlfield>
  <datafield tag="090" ind1="0" ind2="0">
   <subfield code="a">LP 30 FST 4 2002 </subfield>
  </datafield>
  <datafield tag="100" ind1="0" ind2="#">
   <subfield code="a">Mohd Shahrul Rizal Mohd Yusof </subfield>
  </datafield>
  <datafield tag="235" ind1="0" ind2="0">
   <subfield code="a">Kajian kesan perlindungan aditif lubrizol (TM) 7652 oleh minyak sayuran terhadap pengaratan logam </subfield>
   <subfield code="c">Mohd Shahrul Rizal Mohd Yusof.</subfield>
  </datafield>
  <datafield tag="245" ind1="0" ind2="0">
   <subfield code="a">Laporan Projek FST(Ijazah Bacelor Sains (Kepujian)  - Kimia )2002.</subfield>
  </datafield>
  <datafield tag="260" ind1="#" ind2="#">
   <subfield code="a">Terengganu: </subfield>
   <subfield code="b">Kolej Universiti Sains dan Teknologi Malaysia (UPMT), </subfield>
   <subfield code="c">2002.</subfield>
  </datafield>
  <datafield tag="300" ind1=" " ind2=" ">
   <subfield code="a">xx, 171 p.: </subfield>
   <subfield code="b">ill.(some col.); </subfield>
   <subfield code="c">30 cm..</subfield>
  </datafield>
  <datafield tag="502" ind1="#" ind2="#">
   <subfield code="a">Kesan minyak sawit (Elaeis Guneesis) dan minyak kelapa (Cocos Nucifera) dalam melindungi logam kuprum dan zink daripada mengalami pengaratan melalui penambahan aditif Lubrizol (TM) 7652 telah di kaji dan dibandingkan dengan minyak rapeseed (Brassicyang telah diformulasikan</subfield>
  </datafield>
  <datafield tag="601" ind1="0" ind2="0">
   <subfield code="a">Pengaratan logam </subfield>
  </datafield>
  <datafield tag="602" ind1="#" ind2="#">
   <subfield code="a">Laporan Projek FST 2002</subfield>
  </datafield>
  <datafield tag="999" ind1=" " ind2=" ">
   <subfield code="a">1100024703</subfield>
   <subfield code="b">Book</subfield>
   <subfield code="c">LAPORAN PROJEK</subfield>
   <subfield code="e">BILIK ARKIB</subfield>
  </datafield>
 </record>
</collection>
